Global office index Q4 2011 (Record no. 83967)

MARC details
000 -LEADER
fixed length control field 01625cad a22002175a 4500
001 - CONTROL NUMBER
control field L156205
008 - FIXED-LENGTH DATA ELEMENTS--GENERAL INFORMATION
fixed length control field 120503s2012 xxk 000 0 eng d
035 ## - SYSTEM CONTROL NUMBER
System control number (Sirsi) u156205
041 0# - LANGUAGE CODE
Language code of text/sound track or separate title eng
110 2# - MAIN ENTRY--CORPORATE NAME
Corporate name or jurisdiction name as entry element Jones Lang LaSalle
9 (RLIN) 3755
245 00 - TITLE STATEMENT
Title Global office index Q4 2011
Remainder of title rental growth despite economic uncertainty
Medium [electronic resource]
260 ## - PUBLICATION, DISTRIBUTION, ETC.
Place of publication, distribution, etc. [S.l.]
Name of publisher, distributor, etc. JLL
Date of publication, distribution, etc. 2012
490 #0 - SERIES STATEMENT
Series statement Jones Lang LaSalle Global Office Index Global Foresight Series
Volume/sequential designation Q4 2011
520 ## - SUMMARY, ETC.
Summary, etc. Tracks the rental performance of prime office space across 81 major markets in the Americas, Asia Pacific and Europe. Prime office rents continued to grow in major office markets during Q4 2011. Rents for prime office space in the world's major cities rose by 0.8% during during Q4 2011 and are up 6.0% yera-on-year. Prime rents have increased for eight consecutive quarters resulting in a 10% uplift since the bottom of the market in Q4 2009. Rental growth has slowed further from the 1.2% rise in Q3. Regionally office rental increases slowed across Asia Pacific, Europe displayed mixed rental growth patterns and the Americas showed stable overal growth.
520 ## - SUMMARY, ETC.
Summary, etc. Global Office Index - Prime Rents 2000-2011; Global Office Index - Prime Rents 2008-2011; Global Office Index: quarterly rental performance across 81 cities quarterly change Q4 2011 v Q3 2011 - annual change Q4 2011 v Q4 2010.
590 ## - LOCAL NOTE (RLIN)
Local note KA
651 #4 - SUBJECT ADDED ENTRY--GEOGRAPHIC NAME
Geographic name International
690 ## - LOCAL SUBJECT ADDED ENTRY--TOPICAL TERM (OCLC, RLIN)
Topical term or geographic name as entry element Commercial property
9 (RLIN) 6227
856 40 - ELECTRONIC LOCATION AND ACCESS
Uniform Resource Identifier <a href="https://www.joneslanglasalle.ca/ResearchLevel1/Global-Office-Index-Q4-2011-CAN.pdf">https://www.joneslanglasalle.ca/ResearchLevel1/Global-Office-Index-Q4-2011-CAN.pdf</a>
Public note View the index at www.joneslanglasalle.com
942 ## - ADDED ENTRY ELEMENTS (KOHA)
Suppress in OPAC 0
Holdings
Withdrawn status Lost status Source of classification or shelving scheme Damaged status Not for loan Home library Current library Shelving location Date acquired Total Checkouts Full call number Barcode Date last seen Copy number Price effective from Koha item type
    Dewey Decimal Classification     Virtual Virtual Online 03/05/2012   ONLINE PUBLICATION 156205-2001 06/08/2019 1 06/08/2019 Book